| 000 | 00686nam a22002537a 4500 | ||
|---|---|---|---|
| 005 | 20220125115635.0 | ||
| 008 | 181016b xxu||||| |||| 00| 0 spa d | ||
| 020 | _a9789968466875 | ||
| 041 | _aspa | ||
| 082 | _a398.2 B837e | ||
| 100 |
_aBrenes Ramírez, Christian _950265 |
||
| 100 |
_aChinchilla Chavarría, Mariano _950266 |
||
| 100 |
_aRamos Solano, Daniela _950267 |
||
| 245 | _aEspantos leyendas de Costa Rica | ||
| 260 | _aCosta Rica | ||
| 260 | _bEUCR | ||
| 260 | _c2018 | ||
| 300 | _a43 páginas | ||
| 650 |
_aCOSTA RICA _962235 |
||
| 650 |
_aLITERATURA FOLCLÓRICA _97792 |
||
| 650 |
_aLEYENDAS DE COSTA RICA _950269 |
||
| 650 |
_aFOLCLOR _97787 |
||
| 942 | _cBK | ||
| 999 |
_c11251 _d11251 |
||